| 000 -ლიდერი |
| ფიქსირებული სიგრძის საკონტროლო ველი |
01099nam a2200229Ia 4500 |
| 001 - საკონტროლო ნომერი |
| საკონტროლო ველი |
166 |
| 003 - საკონტროლო ნომრის იდენტიფიკატორი |
| საკონტროლო ველი |
GE_BSU |
| 005 - ბოლო ოპერაციის თარიღი და დრო |
| საკონტროლო ველი |
20220818141908.0 |
| 008 - ფიქსირებული სიგრძის მონაცემთა ელემენტები - ზოგადი ინფორმაცია |
| ფიქსირებული სიგრძის საკონტროლო ველი |
181216s2007||||ge |||||||||||||| ||geo|| |
| 020 ## - წიგნის საერთაშორისო სტანდარტული ნომერი |
| International Standard Book Number |
9789994068258 |
| 040 ## - კატალოგიზაციის წყარო |
| Transcribing agency |
GE_BSU |
| 041 ## - ენის კოდი |
| Language code of text/sound track or separate title |
geo |
| 080 ## - უნივერსალური ათობითი კლასიფიკაციის ინდექსი |
| Universal Decimal Classification number |
339.9 რ–58 |
| 100 ## - მთავარი ჩანაწერი - პიროვნების სახელი |
| Personal name |
რიკარდო, დევიდ |
| 9 (RLIN) |
14544 |
| 245 ## - ცნობა სათაურის შესახებ |
| Title |
პოლიტიკური ეკონომიის და დაბეგვრის საფუძვლები = The Principles of Political Economy and Taxation / |
| Statement of responsibility, etc |
დევიდ რიკარდო ; თარგმნ. ინგლ. ფ. გოგიჩაიშვილის მიერ. |
| 264 ## - წარმოების, გამოცემის, დისტრიბუციის და სხვა ცნობები |
| გამოცემის, წარმოების, დისტრიბუციის... ადგილი |
თბილისი : |
| გამოცემის, წარმოების, დისტრიბუციის... სახელწოდება |
ი. ჭავჭავაძის სახელმწ. უნ-ტის გამ-ბა, |
| გამოცემის, წარმოების, დისტრიბუციის... თარიღი |
2007. |
| 300 ## - ფიზიკური აღწერა |
| Extent |
395 გვ.: |
| Other physical details |
ცხ. ; |
| Dimensions |
28 სმ. |
| 653 ## - INDEX TERM--UNCONTROLLED |
| Uncontrolled term |
დაბეგვრა |
| 653 ## - INDEX TERM--UNCONTROLLED |
| Uncontrolled term |
პოლიტიკური ეკონომია |
| 700 ## - ADDED ENTRY--PERSONAL NAME |
| Personal name |
გოგიჩაიშვილი, ფ. |
| Relator term |
მთარგმნელი |
| 9 (RLIN) |
14536 |
| 942 ## - ADDED ENTRY ELEMENTS (KOHA) |
| Koha item type |
წიგნი |
| Source of classification or shelving scheme |
|